[Event "Michigan Open Reserve"]
[Site "Lansing, MI"]
[Date "2002.08.31"]
[Round "2.10"]
[White "McAuliffe, Todd"]
[Black "Saylor, Oliver"]
[Result "1-0"]
[WhiteElo "1644"]
[BlackElo "1414"]
[PlyCount "83"]
[EventDate "2002.08.30"]

1. e4 c5 2. Nc3 d6 3. f4 Nc6 4. Nf3 Bg4 5. Bb5 e6 6. O-O Nge7 7. Qe1 Bxf3 8.
Rxf3 g6 9. Ne2 Bg7 10. c3 O-O 11. Ng3 a6 12. Ba4 b5 13. Bc2 d5 14. d3 b4 15. f5
dxe4 16. dxe4 exf5 17. exf5 Bf6 18. Ne4 Nxf5 19. Rxf5 gxf5 20. Bh6 fxe4 21.
Qxe4 Bd4+ 22. Kh1 f5 23. Qf3 Qf6 24. Bxf8 Be5 25. Bxc5 bxc3 26. bxc3 Bxc3 27.
Rf1 Re8 28. Ba4 Re6 29. Bb3 Kf7 30. Qxc6 a5 31. Qxe6+ Qxe6 32. Bxe6+ Kxe6 33.
Rd1 Ke5 34. a4 Ke4 35. Kg1 f4 36. Kf2 h5 37. Ke2 Bf6 38. Bb6 Bc3 39. Rd8 Kf5
40. Kf3 Ke5 41. Bc7+ Ke6 42. Bxf4 1-0

[Event "Michigan Open Reserve"]
[Site "Lansing, MI"]
[Date "2002.08.31"]
[Round "3.10"]
[White "Matias, I.C."]
[Black "Johnson, Johnny"]
[Result "0-1"]
[WhiteElo "1747"]
[BlackElo "1506"]
[PlyCount "78"]
[EventDate "2002.08.30"]

1. d4 f5 2. Nf3 g6 3. g3 Bg7 4. Bg2 Nf6 5. c4 d6 6. Nc3 O-O 7. e3 a6 8. O-O Qe8
9. b3 Nc6 10. Bb2 e5 11. Re1 e4 12. Nd2 Nb4 13. Bf1 g5 14. a3 Nc6 15. Bg2 g4
16. Rc1 Qg6 17. Nd5 Nxd5 18. cxd5 Ne7 19. Rxc7 Nxd5 20. Rc1 h5 21. Qc2 Bd7 22.
Nxe4 fxe4 23. Bxe4 Qe6 24. Bxd5 Qxd5 25. e4 Qg5 26. Qc7 Qe7 27. Qxb7 Rab8 28.
Qd5+ Be6 29. Qxh5 Rxb3 30. Re2 Rb5 31. e5 Bd5 32. Rec2 dxe5 33. dxe5 Rxb2 34.
Rxb2 Qxa3 35. Rbc2 Qf3 36. Kf1 Qg2+ 37. Ke1 Qg1+ 38. Kd2 Qxf2+ 39. Kc3 Qe3+ 0-1

[Event "Michigan Open"]
[Site "Lansing, MI"]
[Date "2002.08.31"]
[Round "3.14"]
[White "Manion, Tom"]
[Black "LaForge, Tom"]
[Result "0-1"]
[WhiteElo "1815"]
[BlackElo "1922"]
[PlyCount "32"]
[EventDate "2002.08.30"]

1. g3 d5 2. Bg2 e5 3. Nf3 Bd6 4. d4 e4 5. Ne5 Qe7 6. f3 Nf6 7. c4 exf3 8. Bxf3
Bh3 9. Qa4+ Nbd7 10. Bf4 O-O 11. Nc3 Nxe5 12. dxe5 Bxe5 13. Bxe5 Qxe5 14. cxd5
b5 15. Qf4 Rae8 16. O-O-O a6 {Remainder illegible, 32?} 0-1

[Event "Michigan Open"]
[Site "Lansing, MI"]
[Date "2002.08.31"]
[Round "1.26"]
[White "Manion, Tom"]
[Black "Gabbara, Faris"]
[Result "1/2-1/2"]
[WhiteElo "1815"]
[BlackElo "2040"]
[PlyCount "76"]
[EventDate "2002.08.30"]

1. g3 e5 2. Nf3 Nc6 3. Bg2 d5 4. d4 e4 5. Ne5 Nxe5 6. dxe5 Bc5 7. c4 c6 8. cxd5
cxd5 9. Nc3 Be6 10. Qa4+ Qd7 11. Qxd7+ Kxd7 12. Na4 Bd4 13. Bf4 b5 14. O-O-O
Bxf2 15. Nc3 Rc8 16. Kb1 Kc6 17. e3 h6 18. h4 Ne7 19. Rc1 Kb6 20. Nd1 Rxc1+ 21.
Kxc1 Rg8 22. h5 g5 23. hxg6 fxg6 24. Nxf2 h5 25. Bg5 Nc6 26. Bf6 Nb4 27. Kb1
Rc8 28. a3 Nc2 29. Nd1 b4 30. axb4 Nxb4 31. Nc3 Nd3 32. Bh3 Bxh3 33. Rxh3 Kc5
34. Rh2 Re8 35. Rc2 Nxe5 36. Nxe4+ Kb6 37. Nd6 Re6 38. Bd8+ Ka6 1/2-1/2

[Event "Michigan Open"]
[Site "Lansing, MI"]
[Date "2002.08.31"]
[Round "2.21"]
[White "Levi, Ariel"]
[Black "Everett, Morgan"]
[Result "1-0"]
[WhiteElo "2164"]
[BlackElo "2077"]
[PlyCount "73"]
[EventDate "2002.08.30"]

{King's Indian: Fianchetto (Panno-Yugoslav)} 1. c4 Nf6 2. g3 g6 3. Bg2 Bg7 4.
Nc3 O-O 5. Nf3 Nc6 6. d4 d6 7. d5 Na5 8. Nd2 c5 9. O-O Bd7 10. Qc2 a6 11. b3 b5
12. Bb2 Rb8 13. Rab1 bxc4 14. bxc4 Rb4 15. Ba3 Rxb1 16. Rxb1 Ng4 17. h3 Ne5 18.
Nd1 g5 19. Bb2 f5 20. f4 gxf4 21. gxf4 Ng6 22. Bxg7 Kxg7 23. Qc3+ Kf7 24. e3
Nh4 25. Bh1 Qc7 26. Nf3 Nxf3+ 27. Bxf3 Kg8 28. Rb2 Rf6 29. Bh5 Qd8 30. Rg2+ Kh8
31. Bf7 Nb7 32. Rg8+ Qxg8+ 33. Bxg8 Kxg8 34. Qb2 Nd8 35. Qb8 Rf8 36. Qc7 Ba4
37. Nc3 1-0

[Event "Michigan Open Reserve"]
[Site "Lansing, MI"]
[Date "2002.08.31"]
[Round "2.8"]
[White "LeMaster, Terry"]
[Black "Griffin, John"]
[Result "1-0"]
[WhiteElo "1784"]
[BlackElo "1500"]
[PlyCount "91"]
[EventDate "2002.08.30"]

1. e4 c5 2. Nf3 Nc6 3. d4 cxd4 4. Nxd4 e5 5. Nb3 Nf6 6. Nc3 Bb4 7. Bd3 Bxc3+ 8.
bxc3 d5 9. exd5 Nxd5 10. Bb2 O-O 11. O-O b6 12. Be4 Nde7 13. Ba3 Bd7 14. Bxc6
Nxc6 15. Bxf8 Kxf8 16. Qd6+ Qe7 17. Qxe7+ Kxe7 18. Rfe1 Bf5 19. Nd4 Nxd4 20.
cxd4 Bxc2 21. Rac1 Rc8 22. Re2 Bf5 23. Rxc8 Bxc8 24. Rxe5+ Kd7 25. Kf1 Ba6+ 26.
Ke1 f6 27. Re3 Bc4 28. Kd2 b5 29. Ra3 g5 30. Rxa7+ Kd6 31. Kc3 h5 32. a4 Bf1
33. Ra6+ Ke7 34. axb5 Bxb5 35. Rb6 Bf1 36. g3 Be2 37. d5 Bd1 38. Kd4 Ba4 39.
Rb7+ Kf8 40. d6 Bc6 41. Rc7 Bf3 42. Re7 Bg4 43. Kd5 Bf3+ 44. Ke6 f5 45. d7 Bd5+
46. Kf6 1-0

[Event "Michigan Open Booster"]
[Site "Lansing, MI"]
[Date "2002.08.31"]
[Round "3.9"]
[White "Lawitzke, John"]
[Black "Avery, James"]
[Result "1-0"]
[WhiteElo "896"]
[BlackElo "744"]
[PlyCount "63"]
[EventDate "2002.08.30"]

1. d4 e6 2. e4 d5 3. Nd2 Nf6 4. e5 Ne4 5. Nxe4 dxe4 6. Ne2 Nc6 7. c3 Bd7 8. Ng3
Qh4 9. Qc2 f5 10. exf6 Qxf6 11. Nxe4 Qg6 12. g3 O-O-O 13. Bg2 Re8 14. O-O Be7
15. Qe2 Rhf8 16. Re1 Nd8 17. Nc5 Bxc5 18. dxc5 Rf6 19. a4 Bc6 20. b4 Bxg2 21.
Kxg2 e5 22. a5 c6 23. a6 Kb8 24. axb7 Nxb7 25. Be3 Rf7 26. b5 Rd7 27. b6 a5 28.
Qa6 Nd8 29. Qxa5 Qe4+ 30. Kg1 Ra7 31. Qxa7+ Kc8 32. Qc7# 1-0

[Event "Michigan Open Reserve"]
[Site "Lansing, MI"]
[Date "2002.08.31"]
[Round "3.2"]
[White "Laurin, Edward"]
[Black "Kauffman, Justin"]
[Result "0-1"]
[WhiteElo "1757"]
[BlackElo "1564"]
[Annotator "Edward Laurin"]
[PlyCount "36"]
[EventDate "2002.08.30"]

{Sicilian: Najdorf} 1. e4 c5 2. Nf3 d6 3. d4 cxd4 4. Nxd4 Nf6 5. Nc3 a6 6. Bg5
e6 7. Qd2 Nbd7 8. O-O-O Qc7 9. g3 (9. f4 {is normal here.}) 9... Be7 10. Bh3
Nc5 ({If Black chooses to come after White with} 10... b5 {then} 11. Bxe6 fxe6
12. Nxe6 {gives White a lot of play for a piece.}) ({If} 10... O-O {then} 11.
Bxe6 fxe6 12. Nxe6 {gives White a pawn advantage as well as exposing Black's
king.}) 11. Rhe1 b5 12. Ndxb5 {This sacrifice looks interesting but falls to
the text. The idea is to eventually play Nxd6+ getting three pawns for a
knight as well as going up the bishop pair and creating a good deal of
pressure on Black's pieces.} axb5 13. Nxb5 {DIAGRAM} Nb3+ $1 14. Kb1 Nxd2+ 15.
Rxd2 Qa5 16. Nxd6+ Bxd6 17. Rxd6 Qxe1+ 18. Bc1 O-O 0-1

[Event "Michigan Open"]
[Site "Lansing, MI"]
[Date "2002.08.31"]
[Round "2.5"]
[White "LaForge, Tom"]
[Black "Vandivier, Don"]
[Result "0-1"]
[WhiteElo "1922"]
[BlackElo "1963"]
[Annotator "Don Vandivier"]
[PlyCount "98"]
[EventDate "2002.08.30"]

{Sicilian: Accelerated Dragon (Simagin)} 1. e4 c5 2. Nf3 Nc6 3. d4 cxd4 4. Nxd4
g6 5. Nc3 Bg7 6. Nde2 d6 7. g3 Bg4 8. Bg2 Qd7 ({Also playable is} 8... Nd4 9.
Qd3 Nxe2 10. Nxe2 Nf6 11. h3 Bd7 12. c4 Rc8 13. Bd2 Be6 14. Rc1 Nd7 15. b3 (15.
Nf4 $2 Bxc4 $1) 15... Nc5 {with an even game.}) 9. h3 Be6 10. b3 $6 (10. Nd5 {
is the book move. White gets into trouble quickly now.}) 10... O-O-O $1 11. Bb2
f5 $1 {Count development. White has 4 pieces developed and cannot castle yet -
Black has 6 pieces developed counting his king. Hence, Black opens up the game.
} 12. Nf4 $6 (12. exf5 {was a better line than the one played.}) 12... fxe4 13.
Nxe6 (13. O-O Be5 14. Nxe6 Qxe6 {leaves Black with all the play. Also, the
White king position is vulnerable.}) 13... Qxe6 14. h4 Kb8 15. Bh3 Qe5 16. Na4
Qa5+ 17. Kf1 ({After} 17. Qd2 Qxd2+ 18. Kxd2 Bxb2 19. Nxb2 Nf6 {Black is a
pawn up with all the play, however this would be better than leaving the
queens on the board.}) 17... Bxb2 18. Nxb2 Qc3 19. Na4 Qf6 {Keeping pressure
on the rook on a1, keeping the knight out of play and threatening to gang up
on the f-file.} 20. Kg2 (20. Kg2 {I saw} b5 {but rejected it because of} 21.
Qd5 {There is no reason to ruin my nice position. White has several pieces on
bad squares and I can simply build my attack while White tries to untangle
himself.}) 20... Nh6 21. Rf1 Rhf8 22. Qd5 Qf3+ 23. Kg1 e3 $1 {And now I
transpose to an ending where I'm a pawn up and my pieces dominate the board.}
24. Qxf3 Rxf3 25. Kg2 Rxf2+ 26. Rxf2 exf2 27. Kxf2 Rf8+ 28. Ke3 Nf5+ 29. Bxf5
Rxf5 30. a3 Kc7 31. Nb2 Ne5 32. Rg1 h5 33. Nd3 Ng4+ 34. Ke2 e5 35. c4 Kd7 36.
Rg2 Ke6 37. Kd2 Rf3 38. b4 Kf5 39. a4 e4 40. Ne1 Rb3 41. Nc2 e3+ 42. Kc1 Ke4
43. b5 Rc3 44. Kb2 Rxc4 45. Kb3 d5 46. a5 Rc8 47. Kb4 d4 48. b6 axb6 49. axb6
d3 0-1

[Event "Michigan Open Reserve"]
[Site "Lansing, MI"]
[Date "2002.08.31"]
[Round "2.11"]
[White "Kieliszewski, Greg"]
[Black "Nicolli, Randy"]
[Result "0-1"]
[WhiteElo "1479"]
[BlackElo "1672"]
[PlyCount "66"]
[EventDate "2002.08.30"]

1. e4 d6 2. d4 Nf6 3. Nc3 g6 4. f4 Bg7 5. Nf3 c6 6. Be3 b5 7. a3 a5 8. d5 Bb7
9. e5 Nxd5 10. Nxd5 cxd5 11. Bxb5+ Nd7 12. exd6 Bxb2 13. Ra2 Bc3+ 14. Kf2 O-O
15. dxe7 Qxe7 16. Bd4 Nf6 17. Qd3 Ne4+ 18. Kf1 Rac8 19. g3 Bxd4 20. Qxd4 Nc3
21. Rb2 Nxb5 22. Rxb5 Ba6 23. Qxd5 Rxc2 24. Qd3 Rfc8 25. Rg1 Bxb5 26. Qxb5 Rc1+
27. Kg2 R8c2+ 28. Kh3 Qe6+ 29. g4 Rxg1 30. Nxg1 Qe3+ 31. Kh4 Rxh2+ 32. Kg5 h6+
33. Kf6 Qxf4+ 0-1

[Event "Michigan Open Reserve"]
[Site "Lansing, MI"]
[Date "2002.08.31"]
[Round "2.24"]
[White "Kauffman, Justin"]
[Black "Wood, Jack"]
[Result "1-0"]
[WhiteElo "1564"]
[BlackElo "1450"]
[PlyCount "81"]
[EventDate "2002.08.30"]

1. e4 c5 2. Nf3 e6 3. d4 cxd4 4. Nxd4 a6 5. Nc3 Qc7 6. Bd3 Nf6 7. O-O Nc6 8.
Be3 Be7 9. f4 d6 10. Nf3 O-O 11. Qe1 Ng4 12. Bd2 Nb4 13. Rc1 Qb6+ 14. Kh1 Nxd3
15. cxd3 Qxb2 16. h3 Nf6 17. g4 Nd7 18. Qg3 f6 19. f5 exf5 20. gxf5 Ne5 21. Rb1
Qa3 22. Nxe5 dxe5 23. Nd5 Rf7 24. Nc7 Ra7 25. Rg1 b5 26. Ne6 Bd6 27. Be3 Rae7
28. Bh6 Bxe6 29. fxe6 Qxa2 30. exf7+ Qxf7 31. Ra1 Bc5 32. Rgc1 Rc7 33. Rxa6 Ba7
34. Rxc7 Qxc7 35. Rc6 Bf2 36. Qg2 Qe7 37. Rc8+ Kf7 38. Qxg7+ Ke6 39. Qg8+ Kd7
40. Qg4+ Kd6 41. Bf8 1-0

[Event "Michigan Open"]
[Site "Lansing, MI"]
[Date "2002.08.31"]
[Round "3.15"]
[White "Katsuhara, Osamu"]
[Black "Jarosz, Stan"]
[Result "0-1"]
[WhiteElo "1790"]
[BlackElo "1964"]
[PlyCount "100"]
[EventDate "2002.08.30"]

1. e4 e6 2. d4 d5 3. Nd2 c5 4. exd5 exd5 5. dxc5 Bxc5 6. Nb3 Bd6 7. Nf3 Ne7 8.
Be2 O-O 9. O-O Qc7 10. Nbd4 a6 11. c3 Nbc6 12. g3 Bh3 13. Re1 Rfe8 14. Be3 h6
15. Bf1 Bxf1 16. Kxf1 Na5 17. Kg2 Nc4 18. Bc1 b5 19. b3 Ne5 20. Bb2 Rac8 21.
Qd2 Nxf3 22. Nxf3 Qb7 23. a3 Bc5 24. Nd4 Nc6 25. Nxc6 Qxc6 26. Rxe8+ Rxe8 27.
Kg1 Qe6 28. Rf1 Qe4 29. Bc1 Re6 30. b4 Bb6 31. Rd1 Qe2 32. Qxe2 Rxe2 33. Be3
Bxe3 34. fxe3 Rxe3 35. Rxd5 Rxc3 36. a4 bxa4 37. Ra5 Rc6 38. Rxa4 Kf8 39. Kf2
Ke7 40. Ke3 Ke6 41. Ra5 Rb6 42. h3 g6 43. Kd3 h5 44. h4 Rxb4 45. Rxa6+ Kf5 46.
Ra3 Kg4 47. Ke2 Rb2+ 48. Kf1 Kh3 49. Kg1 Rg2+ 50. Kh1 Rxg3 0-1

[Event "Michigan Open"]
[Site "Lansing, MI"]
[Date "2002.08.31"]
[Round "2.2"]
[White "Karakus, Köksal"]
[Black "Viswanathan, Kartik"]
[Result "1/2-1/2"]
[WhiteElo "1918"]
[BlackElo "2148"]
[PlyCount "125"]
[EventDate "2002.08.30"]

{Sicilian: Yugoslav Dragon} 1. e4 c5 2. Nf3 d6 3. d4 cxd4 4. Nxd4 Nf6 5. Nc3 g6
6. Be3 Bg7 7. f3 Nc6 8. Bc4 Bd7 9. Qd2 O-O 10. O-O-O Rc8 11. Bb3 Ne5 12. h4 h5
13. Bg5 Rc5 14. g4 hxg4 15. h5 gxh5 16. f4 Nc4 17. Bxc4 Rxc4 18. e5 Rxc3 19.
Qxc3 Ne4 20. Qe3 Nxg5 21. fxg5 dxe5 22. Nf5 Bxf5 23. Rxd8 Rxd8 24. Rxh5 e4 25.
Qxa7 Be5 26. Qe3 g3 27. g6 fxg6 28. Rxf5 gxf5 29. Qg5+ Bg7 30. Qxg3 Kh7 31. c3
Rf8 32. Kd1 e5 33. Qg2 Rd8+ 34. Ke1 Rd3 35. Qg5 Rf3 36. a4 Bh6 37. Qe7+ Kg6 38.
Qxb7 Re3+ 39. Kf1 Rf3+ 40. Kg2 Bf4 41. Qb6+ Kh5 42. a5 Be3 43. Qb5 Rf2+ 44. Kh1
Kg4 45. Qxe5 Bf4 46. Qg7+ Kf3 47. Qg1 Rh2+ 48. Qxh2 Bxh2 49. Kxh2 e3 50. a6 e2
51. a7 e1=Q 52. a8=Q+ Qe4 53. Qg8 Qh4+ 54. Kg1 Qe1+ 55. Kh2 Qd2+ 56. Kg1 Qc1+
57. Kh2 Qxb2+ 58. Kh3 Qe2 59. Qg3+ Ke4 60. Qg2+ Qxg2+ 61. Kxg2 Ke3 62. c4 f4
63. Kf1 1/2-1/2

[Event "Michigan Open"]
[Site "Lansing, MI"]
[Date "2002.08.31"]
[Round "2.27"]
[White "Kahn, Aaron"]
[Black "Jarosz, Stan"]
[Result "1-0"]
[WhiteElo "1821"]
[BlackElo "1964"]
[PlyCount "56"]
[EventDate "2002.08.30"]

1. c4 e6 2. g3 d5 3. Bg2 Nf6 4. Nf3 Be7 5. d4 O-O 6. O-O Nbd7 7. Qc2 c6 8. Nbd2
b6 9. e4 dxe4 10. Nxe4 Bb7 11. Nxf6+ Bxf6 12. Bf4 h6 13. Rad1 Qc8 14. b3 c5 15.
d5 exd5 16. cxd5 Re8 17. Nd2 Be5 18. Nc4 Bxf4 19. gxf4 Qb8 20. Qf5 Nf6 21. Ne5
Qd6 22. Nc4 Qd8 23. Rd2 g6 24. Qd3 Nh5 25. Qh3 Qf6 26. f5 Qg5 27. Nd6 Re7 28.
fxg6 fxg6 1-0

[Event "Michigan Open Reserve"]
[Site "Lansing, MI"]
[Date "2002.08.31"]
[Round "1.30"]
[White "Johnson, Marshall"]
[Black "Kauffman, Justin"]
[Result "0-1"]
[WhiteElo "1362"]
[BlackElo "1564"]
[Annotator "Marshall Johnson"]
[PlyCount "72"]
[EventDate "2002.08.30"]

1. Nf3 Nf6 2. g3 Nc6 3. Bg2 e5 4. d3 d5 5. b3 Bd6 6. c4 $2 Bb4+ $2 ({Black
misses the shot:} 6... e4 $1 7. Ng5 Be5 $19 {- Fritz}) 7. Bd2 Bxd2+ 8. Nbxd2 d4
9. O-O O-O 10. b4 Qe7 11. b5 Nd8 12. Qc2 Bd7 13. Ng5 c6 14. bxc6 Bxc6 15. Bxc6
Nxc6 16. Rab1 b6 17. Qa4 Rac8 18. Rb5 Nd7 19. Ngf3 Nc5 {Now the Black knights
become active & it becomes obvious that the White heavy pieces are misplaced
and lacking immediate targets.} 20. Qc2 f5 21. Qb2 $2 {White gets himself in
deeper unwittingly losing the exchange.} Na4 22. Qb3 Nc3 23. c5+ $2 ({A little
better was:} 23. Rxe5 Nxe5 24. Nxd4 Nc6 25. Qxc3 Nxd4 26. Qxd4 Qxe2 $17 {-
Fritz}) 23... Kh8 24. cxb6 Nxe2+ 25. Kg2 Nc3 26. b7 Rb8 27. Rd5 $2 Nxd5 $2 ({
Black misses the shot that would have put it away:} 27... Rxb7 28. Qc4 Nxd5 29.
Qxd5 Rb6 $19 {- Fritz}) 28. Qxd5 Qxb7 29. Rb1 Qa8 30. Rc1 $2 ({Better was:} 30.
Rxb8 Rxb8 31. Nc4 $17 {- Fritz}) 30... Nb4 31. Qb3 $4 {But now his game goes
down in flames after:} ({White still had counter-play with:} 31. Qxa8 Rxa8 32.
Nxe5 Nxa2 33. Rc4) 31... e4 $1 32. dxe4 fxe4 33. Nxe4 Qxe4 34. Re1 Qc2 35. Qe6
Qf5 36. Qb3 Nd3 $1 {White resigns, as Black has cut off all sensible defense
of the f3 square.} 0-1

[Event "Michigan Open"]
[Site "Lansing, MI"]
[Date "2002.08.31"]
[Round "1.22"]
[White "Jarosz, Stan"]
[Black "Levi, Ariel"]
[Result "0-1"]
[WhiteElo "1964"]
[BlackElo "2164"]
[PlyCount "60"]
[EventDate "2002.08.30"]

1. d4 Nf6 2. Nf3 e6 3. c4 d5 4. Nc3 c5 5. cxd5 Nxd5 6. e4 Nxc3 7. bxc3 cxd4 8.
cxd4 Nc6 9. Bc4 b5 10. Be2 Bb4+ 11. Bd2 Qa5 12. a4 Bxd2+ 13. Qxd2 Qxd2+ 14.
Kxd2 bxa4 15. Rxa4 O-O 16. Rc1 Bb7 17. Bb5 Rfc8 18. Rac4 Na5 19. Rxc8+ Rxc8 20.
Rxc8+ Bxc8 21. Ne5 Bb7 22. f3 f6 23. Nd3 Bc6 24. Ba6 Kf7 25. Nc5 Ke7 26. Kc3
Be8 27. Bc8 Bf7 28. Bd7 Nb7 29. Ba4 Nxc5 30. dxc5 Kd8 0-1

[Event "Michigan Open Booster"]
[Site "Lansing, MI"]
[Date "2002.08.31"]
[Round "2.2"]
[White "Homister, Justin"]
[Black "Clark, Richard"]
[Result "0-1"]
[WhiteElo "522"]
[BlackElo "1213"]
[PlyCount "58"]
[EventDate "2002.08.30"]

1. Nf3 g6 2. Nc3 Bg7 3. d4 Nf6 4. e4 c6 5. Bc4 d5 6. exd5 cxd5 7. Bf4 dxc4 8.
O-O O-O 9. Qe2 e6 10. Qxc4 Nc6 11. Rae1 Re8 12. Re2 Bd7 13. Rfe1 a6 14. Qd3 Nb4
15. Qe3 Nbd5 16. Nxd5 exd5 17. Nd2 Rxe3 18. Rxe3 Qb6 19. Re7 Qxd4 20. R1e3 Qxf4
21. b3 Qd6 22. c4 dxc4 23. bxc4 Qxd2 24. Re1 Re8 25. Rxe8+ Bxe8 26. Rxe8+ Nxe8
27. g4 Bd4 28. c5 Qxf2+ 29. Kh1 Qg1# 0-1

[Event "Michigan Open Reserve"]
[Site "Lansing, MI"]
[Date "2002.08.31"]
[Round "3.3"]
[White "Homa, Seth"]
[Black "West, Tony"]
[Result "1/2-1/2"]
[WhiteElo "1609"]
[BlackElo "1756"]
[PlyCount "79"]
[EventDate "2002.08.30"]

1. e4 c5 2. Nf3 Nc6 3. Bb5 d6 4. O-O Bd7 5. c3 g6 6. d4 cxd4 7. cxd4 Bg7 8. Nc3
Nf6 9. Bg5 O-O 10. Qd2 Qb6 11. e5 dxe5 12. Bxf6 exf6 13. d5 Nb8 14. Bxd7 Nxd7
15. Rac1 f5 16. Na4 Qd6 17. Qa5 b6 18. Qb5 Nf6 19. Rfd1 Rac8 20. Rc6 Rxc6 21.
Qxc6 Rd8 22. Qb7 e4 23. Ng5 Qd7 24. Qa6 Nxd5 25. Nc3 Bxc3 26. bxc3 Qe7 27. h4
h6 28. Nh3 Nxc3 29. Rxd8+ Qxd8 30. Qxa7 Qxh4 31. Qxb6 Qe7 32. Qe3 Nxa2 33. Qxh6
Qf8 34. Qg5 Nb4 35. Nf4 Qg7 36. Qe7 Qf8 37. Qf6 Qg7 38. Qe7 Qf8 39. Qf6 Kh7 40.
Nxg6 1/2-1/2

[Event "Michigan Open Reserve"]
[Site "Lansing, MI"]
[Date "2002.08.31"]
[Round "3.7"]
[White "Holden, Anthony"]
[Black "LeMaster, Terry"]
[Result "0-1"]
[WhiteElo "1551"]
[BlackElo "1784"]
[PlyCount "68"]
[EventDate "2002.08.30"]

1. d4 Nf6 2. e3 g6 3. Bd3 Bg7 4. f4 O-O 5. g4 d6 6. f5 gxf5 7. gxf5 b6 8. h4
Bb7 9. Rh2 Nbd7 10. Nd2 e5 11. fxe6 fxe6 12. e4 c5 13. Bc4 d5 14. exd5 exd5 15.
Bd3 Qc7 16. Ndf3 Rae8+ 17. Be2 Qg3+ 18. Kf1 Ng4 19. Rg2 Nh2+ 20. Rxh2 Qxh2 21.
c3 Qxh4 22. Bd2 cxd4 23. c4 d3 24. Bxd3 Bd4 25. Be1 Qg4 26. Bf2 Bxf2 27. Kxf2
Ne5 28. cxd5 Nxf3 29. Nxf3 Rxf3+ 30. Qxf3 Rf8 31. Be2 Qd4+ 32. Kg3 Rxf3+ 33.
Kxf3 Bxd5+ 34. Kg3 Qe3+ 0-1

[Event "Michigan Open Reserve"]
[Site "Lansing, MI"]
[Date "2002.08.31"]
[Round "1.31"]
[White "Holden, Anthony"]
[Black "LaFerriere, Adam"]
[Result "1/2-1/2"]
[WhiteElo "1551"]
[BlackElo "1354"]
[PlyCount "120"]
[EventDate "2002.08.30"]

1. d4 d5 2. e3 e6 3. Bd3 c5 4. c3 cxd4 5. exd4 g6 6. f4 Bg7 7. Nf3 b6 8. h4 Ne7
9. g4 e5 10. Nxe5 Bxe5 11. fxe5 Qd7 12. Be2 Ba6 13. Bf3 f5 14. exf6 Qe6+ 15.
Kf2 Qxf6 16. Bg5 Qd6 17. Nd2 Nbc6 18. Qa4 Bd3 19. Rae1 O-O 20. h5 gxh5 21. Rxh5
Rf7 22. Kg2 Ng6 23. c4 Nf4+ 24. Bxf4 Qxf4 25. Qxc6 Raf8 26. Qe6 Qxd2+ 27. Kh3
dxc4 28. Bd5 Qf4 29. Qe3 Bf1+ 30. Kh4 Qf6+ 31. g5 Qf5 32. g6 Qf6+ 33. Qg5 Qf2+
34. Qg3 Qxd4+ 35. Re4 Qf6+ 36. Rg5 hxg6 37. Rf4 Qh8+ 38. Kg4 Be2+ 39. Rf3 Bxf3+
40. Qxf3 Qd4+ 41. Kh3 Qh8+ 42. Kg2 Qxb2+ 43. Kg3 Kg7 44. Bxf7 Rxf7 45. Qe4 Qf2+
46. Kg4 Qg1+ 47. Kh4 Qh2+ 48. Kg4 Qd6 49. Qxc4 Qd7+ 50. Kg3 Qd6+ 51. Kh3 Qf4
52. Qc3+ Rf6 53. Rg3 Qf1+ 54. Kh2 Qf2+ 55. Rg2 Qf4+ 56. Kg1 g5 57. Rd2 Kg6 58.
Qd3+ Qf5 59. Qe3 Qg4+ 60. Rg2 Qf5 1/2-1/2

[Event "Michigan Open Reserve"]
[Site "Lansing, MI"]
[Date "2002.08.31"]
[Round "2.7"]
[White "Hodge, Larry"]
[Black "Sundeen, David"]
[Result "0-1"]
[WhiteElo "1339"]
[BlackElo "1647"]
[PlyCount "92"]
[EventDate "2002.08.30"]

1. c4 e5 2. Nc3 Nc6 3. d3 g6 4. Nf3 Bg7 5. g3 d6 6. Bg2 Nf6 7. e3 O-O 8. O-O h6
9. Qc2 Be6 10. a3 Qd7 11. b4 Bh3 12. Rb1 Bxg2 13. Kxg2 Ne7 14. e4 Nh7 15. Nd5
c6 16. Nxe7+ Qxe7 17. c5 dxc5 18. bxc5 Qd7 19. Qc4 Rad8 20. Rd1 Qe7 21. Be3 Kh8
22. Nh4 Rd7 23. f4 Rfd8 24. Rb3 exf4 25. Bxf4 g5 26. Nf5 Qf6 27. Be3 Qe5 28.
Nd6 Qe6 29. Qc2 Nf6 30. d4 Bf8 31. d5 cxd5 32. exd5 Nxd5 33. Bd4+ Kg8 34. Ne4
Ne3+ 35. Rxe3 Rxd4 36. Rde1 Qd5 37. Kf1 Qf5+ 38. Kg1 Bg7 39. Rf1 Qg4 40. Nd6
R4xd6 41. cxd6 Bd4 42. Qc7 Bxe3+ 43. Kg2 Qe2+ 44. Kh3 Qxf1+ 45. Kg4 Qd1+ 46.
Kf5 Qxd6 0-1

[Event "Michigan Open Reserve"]
[Site "Lansing, MI"]
[Date "2002.08.31"]
[Round "2.28"]
[White "Hill, Michael"]
[Black "Holden, Anthony"]
[Result "0-1"]
[WhiteElo "1386"]
[BlackElo "1551"]
[PlyCount "112"]
[EventDate "2002.08.30"]

1. c4 e5 2. Nc3 Nf6 3. Nf3 Nc6 4. d3 h6 5. g3 g5 6. Bg2 d6 7. a3 Be7 8. Rb1 Be6
9. b4 g4 10. Nd2 Qd7 11. b5 Na5 12. Nb3 Nxb3 13. Qxb3 Qc8 14. Be3 Nd7 15. Qc2
f5 16. Nd5 Bd8 17. Qd2 h5 18. Bg5 Kf7 19. Bxd8 Qxd8 20. Qa5 b6 21. Qd2 Rb8 22.
Nb4 Qf6 23. Nd5 Qd8 24. a4 h4 25. h3 Nc5 26. hxg4 hxg3 27. Rxh8 gxf2+ 28. Kxf2
Qxh8 29. Rh1 Qg7 30. Qh6 Qxh6 31. Rxh6 fxg4 32. Nxc7 Rf8 33. Kg3 Ke7 34. Nxe6
Nxe6 35. e3 Nc5 36. Rh7+ Rf7 37. Rxf7+ Kxf7 38. d4 Nxa4 39. Kxg4 Kf6 40. dxe5+
Kxe5 41. Bd5 Nc3 42. Bc6 Ne4 43. Kf3 Nd2+ 44. Ke2 Nxc4 45. Kd3 Na5 46. e4 Nb3
47. Bd5 a5 48. bxa6 Nc5+ 49. Ke3 Nxa6 50. Bc4 Nc7 51. Kd3 b5 52. Bb3 Na6 53.
Ke3 Nc5 54. Bc2 b4 55. Kd2 Nxe4+ 56. Bxe4 Kxe4 0-1

[Event "Michigan Open Reserve"]
[Site "Lansing, MI"]
[Date "2002.08.31"]
[Round "2.23"]
[White "Hershberger, Kent"]
[Black "Steen, Harold"]
[Result "0-1"]
[WhiteElo "1474"]
[BlackElo "1642"]
[PlyCount "94"]
[EventDate "2002.08.30"]

1. e4 e6 2. d4 d5 3. Nd2 c5 4. c3 Nc6 5. Ngf3 Qb6 6. exd5 exd5 7. Nb3 c4 8.
Nbd2 Nf6 9. Be2 Bd6 10. O-O O-O 11. b3 cxb3 12. axb3 Ne4 13. Qc2 f5 14. Bd3 Bd7
15. Rb1 Rac8 16. Re1 Nb4 17. Qd1 Nxd3 18. Re3 Nxc1 19. Rxc1 Bf4 20. Rd3 Bxd2
21. Nxd2 Qg6 22. Nf3 Qd6 23. Ne5 Rf6 24. c4 dxc4 25. bxc4 b5 26. c5 Qd5 27. Ra1
Rc7 28. h4 b4 29. Ra5 Nc3 30. Qa1 Bc6 31. Nxc6 Qxc6 32. Rxa7 Rxa7 33. Qxa7 Ne2+
34. Kf1 Nc1 35. Rd1 Qb5+ 36. Kg1 Ne2+ 37. Kh1 Qe8 38. Qa2+ Kh8 39. Re1 Ng3+ 40.
Kh2 Ne4 41. f3 Qb8+ 42. Kg1 Nc3 43. Qa7 Rf8 44. Qa5 Qb5 45. Qa7 Ne2+ 46. Kh2
Nxd4 47. Re7 Nc6 0-1